000 00507nam a2200181Ia 4500
003 GCL
008 140319s9999 xx 000 0 ara d
040 _aGCL /
_cGCL
082 0 4 _a191
_bع ح
100 1 _aعبدالرحمن بدوى
245 1 0 _aحياة هيجل /
_cعبدالرحمن بدوى
260 _a[S.N] :
_bالمؤسسة العربية للدراسات والنشر ،
_c1980
300 _a158 ص
490 _a
650 0 4 _aهيجل
650 0 4 _aالفلاسفة
942 _2ddc
_cBK
999 _c28716
_d28716